000
00296nam a2200121Ia 4500
008
190216s9999||||xx |||||||||||||| ||und||
100
_a
Gadgil P V&Amp; Gadgil Pl
245
0
_a
Industrial Economy Of India
260
_b
Eurasia Pub-Ltd
_c
1985
300
_a
619p
650
_a
Economics
942
_c
BK
999
_c
9772
_d
9772